Loading...

A study of the compositions of Purandaradasa and Tyagaraja/

Bibliographic Details
Main Author: Seetharam Lakshmi, T.
Format: Printed Book
Language:English
Published: Bangalore: Veda Sruti Publications, c1994.
Subjects:
LEADER 00613 a2200157 4500
008 150103s9999 000 0 eng
082 |a 780.9548  
100 |a Seetharam Lakshmi, T. 
245 |a A study of the compositions of Purandaradasa and Tyagaraja/ 
260 |a Bangalore:  |b Veda Sruti Publications,  |c c1994. 
300 |a 399 p. 
650 |a Carnatic music 
653 |a Tyagaraja Swami-Purandaradasa 
942 |c BK 
999 |c 304503  |d 304503 
952 |0 0  |1 0  |2 ddc  |4 0  |6 780_954800000000000_SEE_ST  |7 0  |8 MUSIC  |9 348949  |a DRA  |b DRA  |c ST1  |d 2011-07-18  |g 200.00  |i 19M  |l 2  |o 780.9548 SEE/ST  |p DRA19M  |r 2018-08-13  |s 2018-08-03  |w 2011-07-18  |y BK